गौरतलब व्यंग्य/ (Record no. 211574)

MARC details
000 -LEADER
fixed length control field 00796nam a22001937a 4500
005 - DATE AND TIME OF LATEST TRANSACTION
control field 20250604144935.0
010 ## - LCCN (DPL NO)
LC control number HIN-129759
020 ## - INTERNATIONAL STANDARD BOOK NUMBER
International Standard Book Number 9789384754754
Terms of availability 480.00
035 ## - SYSTEM CONTROL NUMBER
System control number HN-102105
037 ## - SOURCE OF ACQUISITION
Source of stock number/acquisition DBAD
082 ## - DEWEY DECIMAL CLASSIFICATION NUMBER
Classification number 827
100 ## - MAIN ENTRY--PERSONAL NAME
Personal name चतुर्वेदी, गोपाल
245 ## - TITLE STATEMENT
Title गौरतलब व्यंग्य/
Statement of responsibility, etc गोपाल चतुर्वेदी
250 ## - EDITION STATEMENT
Edition statement प्रथम
260 ## - PUBLICATION, DISTRIBUTION, ETC. (IMPRINT)
Place of publication, distribution, etc नई दिल्ली
Name of publisher, distributor, etc भारत पुस्तक भंडार
Date of publication, distribution, etc 2021
270 ## - ADDRESS
Address इ-1/265 आ, 4th स्लोप;सोनिया विहार,
City नार्थ ईस्ट दिल्ली
Postal code 110090
300 ## - PHYSICAL DESCRIPTION
Extent 160पृ.
Dimensions 22सेमी (आजिल्द )
942 ## - ADDED ENTRY ELEMENTS (KOHA)
Source of classification or shelving scheme Dewey Decimal Classification
Item type Hindi Books
Classification part
Call number prefix
Call number suffix चतुर्वे
Holdings
Withdrawn status Lost status Not for loan Collection code Home library Current library Date acquired Source of acquisition Cost, normal purchase price Full call number Barcode Copy number Cost, replacement price Koha item type
      Non-fiction Sarojini Nagar Sarojini Nagar 04/06/2025 DBAD 480.00 क चतुर्वे HN-102105 1 480.00 Hindi Books

© Delhi Public Library
Hit Counter
free hit counter